Pilotes de F1 qui ont roulé chez Ferrari - Mort Subite - Statistiques

Statistiques générales
  • Ce quiz a été pris 565 fois
    309 depuis la dernière actualisation
  • Le résultat moyen est 10 sur 21
Answers on the Grid
Answers color-coded by a green-red scale on the quiz's grid according to % correct below.
Michael SCHUMACHER
Kimi RAIKKONEN
Rubens BARRICHELLO
Nigel MANSELL
Carlos SAINZ JR.
Jean ALESI
Sebastian VETTEL
Niki LAUDA
Jacky ICKX
René ARNOUX
Maurice TRINTIGNANT
Dorino SERAFINI
Giancarlo FISICHELLA
Phil HILL
John SURTEES
Alain PROST
Gilles VILLENEUVE
Clay REGAZZONI
Michele ALBORETO
Jean BEHRA
Ayrton SENNA
Lewis HAMILTON
Mark WEBBER
Jacques VILLENEUVE
Nico ROSBERG
Elio De ANGELIS
Rupert KEEGAN
Bobby BAIRD
Jim RATHMANN
Johnnie PARSONS
 
Statistiques - réponses
Réponse % Correct
Lewis HAMILTON
81%
Carlos SAINZ JR.
80%
Michael SCHUMACHER
79%
Sebastian VETTEL
78%
Kimi RAIKKONEN
75%
Niki LAUDA
71%
Alain PROST
65%
Rubens BARRICHELLO
64%
Jean ALESI
63%
Gilles VILLENEUVE
51%
Giancarlo FISICHELLA
46%
Clay REGAZZONI
43%
Jacky ICKX
42%
Michele ALBORETO
39%
Nigel MANSELL
37%
René ARNOUX
31%
Phil HILL
28%
John SURTEES
25%
Dorino SERAFINI
22%
Maurice TRINTIGNANT
17%
Jean BEHRA
10%
Aucun quiz correspondant
Distribution des résultats
% des personnes avec chaque résultat
Percentile par nombre de réponses
Votre historique - résultats
Vous n’avez pas pris ce quiz depuis la dernière actualisation